Stranger Things Trivia - Hard - Statistics

General Stats
  • This quiz has been taken 803 times
  • The average score is 5 of 10
Answer Stats
Question Answer % Correct
On what holiday did the last ever episode start streaming? New Year's Eve
93%
What is the name of the "sister" Eleven meets in Chicago? Kali
89%
What is the name of the teacher who runs the AV Club and helps the boys? Scott Clarke
69%
What was the original working title of the show? Montauk
61%
What was the specific release date of Season 5, Volume 1? (MM/DD/YYYY) November 26, 2025
54%
What is the name of the arcade game Max achieves the high score on, beating Dustin? Dig Dug
49%
What is roughly the budget per episode for Stranger Things Season 4? (USD) 30 Million
16%
What is the name of the Hawkins High guidance counselor? Ms. Kelly
15%
Which classic 1950s song by The Chords is featured in the Season 5 soundtrack? Sh-Boom
12%
Which actress auditioned for the role of Robin Buckley before the part went to Maya Hawke? (hint: Bridgerton) Nicola Coughlan
8%
No matching quizzes found
Score Distribution
Percent of People with Each Score
Percentile by Number Answered
Your Score History
You have not taken this quiz